Una mirada desde Mesoamérica : migraciones en Centroamérica y México /
Сохранить в:
| Другие авторы: | |
|---|---|
| Формат: | Электронный ресурс eКнига |
| Язык: | испанский |
| Опубликовано: |
Ciudad de México, México :
El Colegio de México,
2023.
|
| Редактирование: | Primera edición. |
| Предметы: | |
| Online-ссылка: | Digitalia Hispánica |
| Метки: |
Добавить метку
Нет меток, Требуется 1-ая метка записи!
|
MARC
| LEADER | 00000nam a2200000 i 4500 | ||
|---|---|---|---|
| 001 | DIGCOLMX0540 | ||
| 003 | NyNyDIG | ||
| 006 | m o d | ||
| 007 | cr ||||||||||| | ||
| 008 | 240204s2023 mx a ob 000 0 spa d | ||
| 035 | |a (OCoLC)1406594818 | ||
| 040 | |a DGITA |b eng |e rda |e pn |c DGITA | ||
| 020 | |a 9786073078764 |q (Universidad Nacional Autónoma de México) | ||
| 020 | |a 9786075645278 |q (El Colegio de México) | ||
| 020 | |z 9786073077538 | ||
| 043 | |a n-us--- |a nc----- |a n-mx--- | ||
| 050 | 1 | 4 | |a JV6465 ebook |
| 245 | 0 | 4 | |a Una mirada desde Mesoamérica : |b migraciones en Centroamérica y México / |c Jéssica Nájera [and 3 others] editores. |
| 250 | |a Primera edición. | ||
| 264 | 1 | |a Ciudad de México, México : |b El Colegio de México, |c 2023. | |
| 300 | |a 1 online resource : |b illustrations. | ||
| 336 | |a text |b txt |2 rdacontent | ||
| 337 | |a computer file |b c |2 rdamedia | ||
| 338 | |a online resource |b cr |2 rdacarrier | ||
| 347 | |a text file |2 rdaft | ||
| 347 | |b EPUB | ||
| 504 | |a Includes bibliographical references. | ||
| 588 | 0 | |a Online resource; title from ePub title page (Digitalia, viewed February 4, 2024) | |
| 651 | 0 | |a United States |x Emigration and immigration |x History. | |
| 651 | 0 | |a Central America |x Emigration and immigration |x History. | |
| 651 | 0 | |a Mexico |x Emigration and immigration |x History. | |
| 651 | 0 | |a Central America |x Social conditions. | |
| 700 | 1 | |a Nájera Aguirre, Jéssica N., |e editor. | |
| 776 | 0 | 8 | |i Print version: |t Mirada desde Mesoamérica. |b Primera edición. |d Ciudad de México, México : El Colegio de México, 2023 |z 9786073077538 |
| 791 | 2 | |a Digitalia (Firm), |e distributor. | |
| 793 | 0 | |g Digitalia eBook Collection: |a El Colegio de México | |
| 856 | 4 | 0 | |3 Digitalia Hispánica |u https://digitalia.unach.elogim.com/a/133065/ |
| 910 | |a Premium collection: 2024 | ||